<?xml version="1.0" encoding="UTF-8" ?>
<collection xmlns="http://www.loc.gov/MARC21/slim"><record><leader>00488nas a2200157 nc4500</leader><controlfield tag="001">25588</controlfield><controlfield tag="003">Zü176</controlfield><controlfield tag="005">20160919145656.0</controlfield><datafield tag="019" ind1="1" ind2="0"><subfield code="a">25588</subfield></datafield><datafield tag="035" ind1=" " ind2=" "><subfield code="a">(OCoLC)634096239</subfield></datafield><datafield tag="041" ind1=" " ind2=" "><subfield code="a">ger</subfield></datafield><datafield tag="245" ind1="0" ind2="4"><subfield code="a">Der Almanach der Neuen Jugend auf das Jahr 1917</subfield><subfield code="c">herausgegeben von Heinz Barger</subfield><subfield code="h">Zeitschrift</subfield></datafield><datafield tag="260" ind1=" " ind2=" "><subfield code="a">Berlin</subfield><subfield code="b">Verlag Neue Jugend</subfield></datafield><datafield tag="362" ind1=" " ind2=" "><subfield code="a">1 (1917) (alles, was erschienen)</subfield></datafield><datafield tag="774" ind1=" " ind2=" "><subfield code="t">Der Almanach der Neuen Jugend auf das Jahr 1917</subfield><subfield code="w">(Zü176)25589</subfield></datafield><datafield tag="852" ind1="4" ind2="0"><subfield code="a">CH-000273-5</subfield><subfield code="c">DADA III:51</subfield></datafield></record></collection>